Normal view
MARC view
Entry Topical Term
001 - CONTROL NUMBER
- control field: 9574
003 - CONTROL NUMBER IDENTIFIER
- control field: ARRUPE
005 - DATE AND TIME OF LATEST TRANSACTION
- control field: 20140327163606.0
008 - FIXED-LENGTH DATA ELEMENTS
- fixed length control field: 140327|| aca||aabn | a|a d
040 ## - CATALOGING SOURCE
- Original cataloging agency: ARRUPE
- Transcribing agency: ARRUPE
150 ## - HEADING--TOPICAL TERM
- Topical term or geographic name as entry element: Trade routes.
670 ## - SOURCE DATA FOUND
- Source citation: Work cat.: (ARRUPE)0: Toy, Barbara. 9573, The way of the chariots :, c1964.